000 01406namaa22003131i 4500
005 20260701122205.0
008 260701s1994 ua a|||frm||| 000 0 eng d
040 _aEG-GICUC
_beng
_cEG-GICUC
_dEG-GICUC
_erda
041 0 _aeng
_beng
_bara
049 _aDeposite
097 _aM.Sc
099 _aCai01.12.07.1994.Mo.A.
100 0 _aMona Ibrahim Mohamed Abdou,
_epreparation.
245 1 0 _aAssessment Of Some Fertility Hormones Normal Ranges In Some Egyptian Subjects Under Some Physioological Conditions /
_cBy Mona Ibrahim Mohamed Abdou; Supervised By Dr. Hamdi M. Hassaneen, Dr. Yakout M. Megahed.
246 1 5 _aتعيين مستويات المعدل الطبيعى في هرمونالت الخصوبة عند بعض المصريين تحت بعض الظروف الفسيولوجية المختلفة /
264 0 _c1994.
300 _a177 pages :
_billustrations ;
_c30 cm. +
336 _2rda content
_atext
337 _2rdamedia
_aUnmediated
338 _2rdacarrier
_avolume
502 _aThesis (M.Sc.) -Cairo University, 1994.
504 _aBibliography: pages 154-177.
653 0 _aChemistry
700 0 _aHamdi M. Hassaneen
_ethesis advisor.
700 0 _aYakout M. Megahed
_ethesis advisor.
900 _DDepartment of Chemistry
_FFaculty of Science
_UCairo University
_b1994
_cHamdi M. Hassaneen
_cYakout M. Megahed
905 _aEman El gebaly
942 _2ddc
_cTH
_e21
_n0
999 _c180674